00567nam a2200169Ia 450000500170000000800410001702000150005808200130007310000160008624500570010226000460015930000130020550000590021894200060027795200990028399900150038220250623025321.0240331s9999 xx 000 0 und d a9556070257 bLIYa323 aLiyanage, K 0aSrilankika deshapalanaya thula kantha sahabagithwaya aColombobA.M.D. Gunasena & Co., Ltdc1998 a128 p ., aA book on Women's participation in Sri Lankan politics cL 001040708LaWERCLbWERCLcSSCd2024-03-31l0o 323.334 LIYp2874r2024-03-31w2024-03-31yL c2433d2433